| 000 | 00638nam a22001815i 4500 | ||
|---|---|---|---|
| 001 | 153455 | ||
| 003 | ES-MaACL | ||
| 005 | 20230906205230.0 | ||
| 008 | 971210s1839 sp |||| | spa d | ||
| 040 |
_aCAM _bspa _cCAM |
||
| 080 | _a821.134.2-2"18" | ||
| 245 | 0 | 0 |
_aDiálogos de los muertos. _nCuaderno 1º. |
| 260 |
_aMadrid : _b[s.n.], _c1839 ( _fMiguel de Burgos) |
||
| 300 |
_a223 p. ; _c15 cm. |
||
| 530 | _aDisponible en formato digital. | ||
| 852 |
_aES-MaACL _jD-3835(2) _z-- Enc. piel verde _z-- Legado de Modesto de la Fuente |
||
| 856 |
_uhttp://bdh-rd.bne.es/viewer.vm?id=0000131488&page=1 _zBiblioteca Digital Hispánica |
||
| 999 |
_c153455 _d153455 |
||